000 00391nam a2200157Ia 4500
008 230524s9999 xx 000 0 und d
082 _a658.45
_bSAW
100 _aIndian Inst of Banking
245 0 _aBank Financial Management
260 _aNEW DELHI
_bTaxmann
_c2004
300 _a381
500 _aQuantity Number: 2
650 _aManagement
700 _a Finance (CEO)
942 _cBK
999 _c49235
_d49235